| 000 | 00394nam a22001697a 4500 | ||
|---|---|---|---|
| 003 | macl | ||
| 005 | 20151028162111.0 | ||
| 008 | 151028b xxu||||| |||| 00| 0 eng d | ||
| 040 | _cmacl | ||
| 041 | _aEnglish | ||
| 082 | _a823//MIT | ||
| 100 |
_aMitra Arpan _917243 |
||
| 245 | _aAfro Asian Short Stories | ||
| 260 |
_aNoida _bMaple Press _c2010 |
||
| 650 |
_aStory _917244 |
||
| 942 |
_2ddc _cBK |
||
| 999 |
_c50439 _d50439 |
||